| 000 | 00424nam a22001697a 4500 | ||
|---|---|---|---|
| 003 | OSt | ||
| 005 | 20211201103155.0 | ||
| 008 | 211201b |||||||| |||| 00| 0 eng d | ||
| 020 | _a9781844451760 | ||
| 040 | _cHU | ||
| 082 | _a372.21/WHA | ||
| 100 |
_aMARY E WHALLEY _921229 |
||
| 245 | _aLEADING PRACTICE IN EARLY YEARS SETTINGS | ||
| 260 |
_aLONDON _bLEARNING MATTES _c2008 |
||
| 300 | _a174P | ||
| 942 |
_2ddc _cBOOKS _n0 |
||
| 999 |
_c20899 _d20899 |
||